000 00492nam a2200169Ia 4500
008 090123s9999 xx 000 0 und d
082 _b162
100 _aकाणेकर अनंत
245 _aखिडकीतील तारे
250 _a0
300 _a79
600 _aकाणेकर अनंत
630 _aखिडकीतील तारे
700 _aकाणेकर अनंत
730 _aखिडकीतील तारे
942 _cBOOK
999 _c38250
_d38250